00691nam a22001937a 450000500170000000800410001702000180005804000410007604100080011710000280012524501190015325000100027226001010028230000180038365000190040165000270042065000270044765000230047420260210075911.0260210t ||||| |||| 00| 0 spa d a9786280154282 aCO-BoUCMcDavid MorenodDavid Moreno aspa10aMesa Maldonado, César10a¿Qué prefieres ser: empresario joven o empleado viejobcrea y haz realidad tus sueñoscCésar Mesa Maldonado a1a.Ed1 aBogotá, ColombiabEdiciones de la UbMentes a la CartabCable a Tierra Agencia Editorialc2025 a254 páginas14aEmprendimiento14aCreación de empresas14aMentalidad empresarial14aLiderazgo personal